00495nam a2200145Ia 450000500170000000800410001702000180005805000240007610000390010024500780013926000350021730000240025250000420027665000310031820231102151123.0180516s 2007mx m|||| |||| 00| 0 spa d a9789701512623 aTK5105.8885A26bM37 aMartín Sierra, Antonio J.eautor aDesarrollo de aplicaciones web con ASP.NET 2.0c/ Antonio Martín Sierra aMéxico : bAlfaomegac, 2007 axxii, 440 páginas aíndice alfabético Apéndices: A. aPROGRAMAS PARA COMPUTADORA